| 000 | 00751nam a2200229Ia 4500 | ||
|---|---|---|---|
| 003 | OSt | ||
| 005 | 20231003111032.0 | ||
| 008 | 210716s2011 xx 000 0 und d | ||
| 020 | _a9788177589085 | ||
| 040 | _cAIMIT LIBRARY | ||
| 041 | _aeng | ||
| 082 |
_a005.1331 _21 _bMEYS |
||
| 100 |
_aMeyers, Scott. _9135810 |
||
| 245 |
_aEffective STL: _b50 specific ways to improve your use of the standard template library / _cBy Scott Meyers. |
||
| 250 | _a1st ed. | ||
| 260 |
_aNew Delhi : _bPearson , _c2011. |
||
| 300 |
_axviii,260p. ; _bPB _c24 cm. |
||
| 650 |
_aAssociative containers _9135811 |
||
| 650 |
_aFunctors functor classes functions etc _9135812 |
||
| 650 |
_aProgramming with the stl _9135813 |
||
| 942 |
_2ddc _cBK _e1st ed. _k005.1331 MEYS |
||
| 999 |
_c192299 _d192299 |
||